000
00289nam a22001217a 4500
040
_c
SK
082
_a
338
100
_a
បូរ៉ា កាធី
245
_a
សេដ្ឋកិច្ចកសិកម្ម
260
_a
RUA
_b
បូរ៉ា
_c
2000
300
_a
183p.
942
_c
KB
999
_c
9417
_d
9417